| 000 | 00647nam a2200217 a 4500 | ||
|---|---|---|---|
| 005 | 20240203063558.0 | ||
| 008 | 011123s1991 es r 000 0 spa d | ||
| 020 | _a8471123576 | ||
| 035 | _aUPN01000114072 | ||
| 049 | _aCG | ||
| 050 | 4 |
_aHQ1236.5 E5 _bR5.5 |
|
| 100 | 1 | _aRiera, Josep María | |
| 245 | 1 | 4 |
_aLas mujeres de los 90 : _bel largo trayecto hacia su emancipación / _cJosep María Riera, Elena Valencia. |
| 260 |
_aMadrid : _bMorata, _cc1991. |
||
| 300 | _a239 p. | ||
| 440 | 0 |
_aSociología. _pDemos |
|
| 650 | 4 |
_aDerechos de las mujeres _98904 |
|
| 650 | 4 |
_aFeminismo _98967 |
|
| 700 | 1 |
_aValencia, Elena, _ecoaut. |
|
| 905 | _aLibro | ||
| 999 |
_c87980 _d87980 |
||